Państwa z co najmniej ośmioma sąsiadami - nagła śmierć - Statystyki

Ogólne statystyki
  • Ten quiz został rozwiązany 47 razy
  • Średni wynik to 6 z 12
Answers on the Grid
Answers color-coded by a green-red scale on the quiz's grid according to % correct below.
Argentyna
Austria
Serbia
Arabia Saudyjska
Chiny
Nigeria
Zambia
Ukraina
Polska
Etiopia
Turcja
Iran
Indie
Hiszpania
Rosja
Włochy
Demokratyczna Republika Konga
Niemcy
Brazylia
Rumunia
Francja
Kazachstan
Peru
Tanzania
 
Statystyki odpowiedzi
Odpowiedź % Poprawnych
Rosja
83%
Chiny
71%
Niemcy
71%
Demokratyczna Republika Konga
54%
Francja
54%
Arabia Saudyjska
42%
Brazylia
42%
Austria
38%
Serbia
33%
Turcja
29%
Tanzania
21%
Zambia
21%
Nie znaleziono quizów pasujących do podanych kryteriów
Rozkład punktacji
Procent ludzi z każdym wynikiem
Percentyl według liczby udzielonych odpowiedzi
Twoja historia wyników
Nie rozwiązałeś tego quizu